Where do plants grow? / Louise and Richard ... Read More
Available copies
- 0 of 1 copy available at LARL/NWRL Consortium.
- 0 of 1 copy available at Lake Agassiz Regional Library. (Show preferred library)
Current holds
0 current holds with 1 total copy.
Show Only Available Copies
| Location | Call Number / Copy Notes | Barcode | Shelving Location | Status | Due Date |
|---|---|---|---|---|---|
| Moorhead Public Library | E 581.7 SPI (Text) | 33500009208901 | Main | Checked out | 07/27/2026 |
Record details
- ISBN: 1403473625 (library binding-hardcover)
- ISBN: 9781403473622 (library binding-hardcover)
- ISBN: 1403473676 (pbk.)
- ISBN: 9781403473677 (pbk.)
- Physical Description: 32 p. : col. ill., col. maps ; 23 cm.
- Publisher: Chicago, Ill. : Heinemann Library, c2006.
Content descriptions
| Bibliography, etc. Note: | Includes bibliographical references (p. 31). |
| Formatted Contents Note: | Where do plants grow? -- Grassland -- Scrubland -- ... Read More |
Search for related items by subject
| Subject: | Plant ecophysiology > Juvenile literature. |
Search for related items by series
| LDR | 01565cam a22003614a 4500 | ||
|---|---|---|---|
| 001 | 78585 | ||
| 003 | LARL_NWRL_CONSORTIUM | ||
| 005 | 20070327094335.0 | ||
| 008 | 050303s2006 iluab j b 001 0 eng | ||
| 020 | . | ‡a1403473625 (library binding-hardcover) | |
| 020 | . | ‡a9781403473622 (library binding-hardcover) | |
| 020 | . | ‡a1403473676 (pbk.) | |
| 020 | . | ‡a9781403473677 (pbk.) | |
| 035 | . | ‡a(OCoLC)58431718 | |
| 042 | . | ‡apcc | |
| 082 | 0 | 0. | ‡a581.7 ‡222 |
| 100 | 1 | . | ‡aSpilsbury, Louise. ‡0(LARL_NWRL_CONSORTIUM)188832 |
| 245 | 1 | 0. | ‡aWhere do plants grow? / ‡cLouise and Richard Spilsbury. |
| 260 | . | ‡aChicago, Ill. : ‡bHeinemann Library, ‡cc2006. | |
| 300 | . | ‡a32 p. : ‡bcol. ill., col. maps ; ‡c23 cm. | |
| 490 | 0 | . | ‡aWorld of plants |
| 504 | . | ‡aIncludes bibliographical references (p. 31). | |
| 505 | 0 | . | ‡aWhere do plants grow? -- Grassland -- Scrubland -- Hot, dry deserts -- Rain forests -- Broadleaf forests -- Conifer forests -- Cold, dry places -- Rivers and ponds -- Coasts -- Fields and farms -- Towns and cities -- Try it yourself! -- Amazing plants! |
| 650 | 0. | ‡aPlant ecophysiology ‡vJuvenile literature. | |
| 700 | 1 | . | ‡aSpilsbury, Richard, ‡d1963- ‡0(LARL_NWRL_CONSORTIUM)201827 |
| 901 | . | ‡a78585 ‡bOCLC ‡c78585 ‡tbiblio | |

Add to basket
Permalink
Disable Highlighting